|
|
|
|
| LEADER |
00936ncm a22002652a 4500 |
| 001 |
001343534 |
| 003 |
CZ BrMZK |
| 005 |
20140331133402.0 |
| 007 |
qu |
| 008 |
131107s1890 xr |||||||||||||||||cze d |
| 040 |
|
|
|a BOA001
|b cze
|
| 072 |
|
7 |
|a 784
|x Vokální hudba
|2 Konspekt
|9 9
|
| 100 |
1 |
|
|a Palla, Hynek,
|d 1837-1896
|7 jk01091599
|4 cmp
|
| 245 |
1 |
0 |
|a Pramen
|h [hudebnina] ;
|b Teky chodská ; Na mýti /
|c Palla ; pořádá Zdeněk Fibich
|
| 260 |
|
|
|a V Praze :
|b Fr. A. Urbánek,
|c [1890?]
|
| 300 |
|
|
|a 1 partitura (s. 77-99)
|
| 490 |
1 |
|
|a Dalibor. Sbírka čtverozpěvů pro mužské hlasy ;
|v Seš. 8.
|
| 700 |
1 |
|
|a Fibich, Zdeněk,
|d 1850-1900
|7 jk01031059
|4 edt
|
| 740 |
0 |
2 |
|a Teky chodská
|
| 740 |
0 |
2 |
|a Na mýti
|
| 830 |
|
0 |
|a Dalibor - mužské sbory (Urbánek)
|
| 910 |
|
|
|a BOA001
|b Mus4-0170.399,8
|
| 990 |
|
|
|a MU
|
| 991 |
|
|
|b 201311
|
| 996 |
6 |
|
|b 2619599565
|c Mus4-0170.399,8
|l MZK
|r Sklad / do 1 hodiny
|n 0
|w 001378383
|u 000010
|a 1
|e BOA001
|j MZK50
|s P
|